Sports Quiz

Random Sports or NBA Quiz

NBA Champions (Same Last Name) Quiz Stats

 Plays Quiz not verified by Sporcle

Challenge
Share
Tweet
Embed
Score 0/40 Timer 04:00
0 Plays Today
Team: Player: % Correct
2016 Cleveland Cavaliers:James Jones
98.2%
1966 Boston Celtics:K.C. Jones
91%
1965 Boston Celtics:K.C. Jones
91%
1964 Boston Celtics:K.C. Jones
91%
1963 Boston Celtics:K.C. Jones
91%
1962 Boston Celtics:K.C. Jones
91%
1961 Boston Celtics:K.C. Jones
91%
1960 Boston Celtics:K.C. Jones
91%
1959 Boston Celtics:K.C. Jones
91%
1968 Boston Celtics:Sam Jones
90.8%
1966 Boston Celtics:Sam Jones
90.8%
1965 Boston Celtics:Sam Jones
90.8%
1964 Boston Celtics:Sam Jones
90.8%
1963 Boston Celtics:Sam Jones
90.8%
1962 Boston Celtics:Sam Jones
90.8%
1961 Boston Celtics:Sam Jones
90.8%
1960 Boston Celtics:Sam Jones
90.8%
1959 Boston Celtics:Sam Jones
90.8%
2016 Cleveland Cavaliers:Dahntay Jones
90.7%
1968 Boston Celtics:Johnny Jones
90%
Team: Player: % Correct
2004 Detroit Pistons:Ben Wallace
85.9%
2004 Detroit Pistons:Rasheed Wallace
85.9%
1979 Seattle SuperSonics:John Johnson
83.7%
2008 Boston Celtics:Ray Allen
81.7%
2008 Boston Celtics:Tony Allen
81.5%
1982 Los Angeles Lakers:Magic Johnson
80.9%
1979 Seattle SuperSonics:Dennis Johnson
80.5%
1975 Golden State Warriors:George Johnson
80.4%
1983 Philadelphia 76ers:Clemon Johnson
80.2%
1983 Philadelphia 76ers:Reggie Johnson
80.2%
1982 Los Angeles Lakers:Clay Johnson
80.2%
1975 Golden State Warriors:Charles Johnson
80.2%
1993 Chicago Bulls:Scott Williams
68.7%
1993 Chicago Bulls:Corey Williams
68.2%
1988 Los Angeles Lakers:Billy Thompson
41.1%
1988 Los Angeles Lakers:Mychal Thompson
41.1%
1987 Los Angeles Lakers:Billy Thompson
41.1%
1987 Los Angeles Lakers:Mychal Thompson
41.1%
2006 Miami Heat:Derek Anderson
21.6%
2006 Miami Heat:Shandon Anderson
21.6%

You're not logged in!

Compare scores with friends on all Sporcle quizzes.
OR
Log In

You Might Also Like...

Show Comments

Extras

Top Quizzes Today


Score Distribution

Your Account Isn't Verified!

In order to create a playlist on Sporcle, you need to verify the email address you used during registration. Go to your Sporcle Settings to finish the process.

Report this User

Report this user for behavior that violates our Community Guidelines.

Details: